00426 2200169 4500001002100000005001500021035002000036007000300056008004100059020001800100082000800118084001800126100002100144245003900165260003600204990001600240INLIS00000000000200520260127081623 a0010-0126000058ta260127 0  a9786231893963 a811 a811 ACE m c.10 aAcep Zamzam Noor1 aMawar dari Maria :bKumpulan Puisi aYogyakarta :bDIVA Press,c2024 a2026/p/0056